000 00418nam a2200157Ia 4500
008 240729s9999 xx 000 0 und d
022 _a2468-0141
245 0 _aHorticultural Plant Journal
260 _aChina
260 _bKeAi Communications Co., Ltd.
650 _a Plant culture
650 _aAgriculture
856 _uhttps://doaj.org/toc/b9ebb61dac60454d9103f1aa1460fa89
942 _2ddc
942 _cDOAJEJ
999 _c67736
_d67736
945 _a1
_bMadushi Gamage
_c1
_dMadushi Gamage